UBT Library

European Union : (Record no. 325)

000 -LEADER
fixed length control field 01040cam a2200253 a 4500
005 - DATE AND TIME OF LATEST TRANSACTION
control field 20131115035746.0
008 - FIXED-LENGTH DATA ELEMENTS--GENERAL INFORMATION
fixed length control field 030425s2003 lu z i000 0 eng d
020 ## - INTERNATIONAL STANDARD BOOK NUMBER
International Standard Book Number 9278401250
041 0# - LANGUAGE CODE
Language code of text/sound track or separate title eng
080 ## - UNIVERSAL DECIMAL CLASSIFICATION NUMBER
Universal Decimal Classification number 341(4)
245 00 - TITLE STATEMENT
Title European Union :
246 30 - VARYING FORM OF TITLE
Title proper/short title Consolidated versions of the Treaty on European Union and the Treaty Establishing the European Community
246 14 - VARYING FORM OF TITLE
Title proper/short title European Union, consolidated treaties
246 18 - VARYING FORM OF TITLE
Title proper/short title Consolidated treaties
260 ## -
-- Luxembourg :
-- Office for Official Publications of the European Communities,
-- 2003.
300 ## -
-- 184 p. ;
-- 25 cm.
500 ## -
-- "FX-49-02-288-EN-C"--P. [4] of cover.
610 20 -
-- Unioni Europian
650 #0 -
-- Federata europiane
651 #0 -
-- Europe
-- Integrimi ekonomik
730 02 -
-- Treaty on European Union
-- (1992)
730 02 -
-- Treaty Establishing the European Economic Community
-- (1957)
942 ## - ADDED ENTRY ELEMENTS (KOHA)
Source of classification or shelving scheme
Item type Books
Holdings
Withdrawn status Lost status Source of classification or shelving scheme Damaged status Not for loan Collection code Permanent location Current location Shelving location Date acquired Total Checkouts Full call number Barcode Date last seen Koha item type
          Koleksioni i përgjithshem UBT - Prishtine UBT - Prishtine Koleksioni i përgjithshem 11/15/2013   341(4) CON 001-000427 11/15/2013 Books
UBT Library © 2015-2024. All rights reserved University Education for Business and Technology